[Event "Canadian op U1800"]
[Site "Sault Ste Marie"]
[Date "2017.07.12"]
[Round "3.49"]
[White "Vo, Andy"]
[Black "Huang, Youhe"]
[Result "1-0"]
[WhiteElo "1512"]
[BlackElo "1448"]
[PlyCount "61"]
[EventDate "2017.07.08"]
[EventType "swiss"]
[EventRounds "9"]
[EventCountry "CAN"]
[SourceTitle "EXT 2022"]
[Source "ChessBase"]
[SourceDate "2021.10.06"]
[SourceVersion "1"]
[SourceVersionDate "2021.10.06"]
[SourceQuality "1"]

1. e4 c5 2. Nf3 d6 3. d4 cxd4 4. Nxd4 Nf6 5. Nc3 g6 6. Be3 Bg7 7. f3 0-0 8. Qd2 Nc6 9. g4 Bd7 10. h4 h5 11. g5 Ne8 12. 0-0-0 Rc8 13. Kb1 a6 14. f4 e6 15. Bh3 Ne7 16. Rhf1 b5 17. f5 Nc6 18. fxg6 Nxd4 19. gxf7+ Rxf7 20. Bxd4 Rxf1 21. Rxf1 e5 22. Bxd7 exd4 23. Be6+ Kh8 24. Nd5 Rc5 25. Nf4 Qc7 26. Nxh5 Qe7 27. Nxg7 Nxg7 28. Bd5 Qc7 29. Rf7 Qc8 30. Qxd4 Qg8 31. Qf6 1-0

[Event "Windsor NAYCC U10 Girls"]
[Site "Windsor"]
[Date "2016.08.08"]
[Round "2.158"]
[White "Zhou, Madison"]
[Black "Vo, Andy"]
[Result "0-1"]
[WhiteElo "737"]
[BlackElo "914"]
[PlyCount "48"]
[EventDate "2016.08.07"]
[EventType "swiss"]
[EventRounds "9"]
[EventCountry "CAN"]
[SourceTitle "EXT 2022"]
[Source "ChessBase"]
[SourceDate "2021.10.06"]
[SourceVersion "1"]
[SourceVersionDate "2021.10.06"]
[SourceQuality "1"]

1. e4 e5 2. Nf3 Nc6 3. Bc4 Bc5 4. 0-0 Nf6 5. Nc3 d6 6. d3 Bg4 7. h3 Bh5 8. Be3 Bb6 9. g4 Bg6 10. Nh4 Nd7 11. Nxg6 hxg6 12. Qe2 Qh4 13. Qf3 0-0-0 14. Bxf7 Rdf8 15. Nd5 Nd8 16. Nxb6+ axb6 17. Qg3 Qxh3 18. Qxh3 Rxh3 19. Bxg6 Rh4 20. Bh5 g6 21. Bxg6 Rxg4+ 22. Kh2 Rh8+ 23. Bh7 Rxh7+ 24. Bh6 Rxh6# 0-1

[Event "CAN-ch U10 Girls"]
[Site "Windsor"]
[Date "2016.07.08"]
[Round "7.108"]
[White "Vo, Andy"]
[Black "Guo, Veronica"]
[Result "0-1"]
[WhiteElo "835"]
[BlackElo "933"]
[PlyCount "142"]
[EventDate "2016.07.05"]
[EventType "swiss"]
[EventRounds "7"]
[EventCountry "CAN"]
[SourceTitle "EXT 2022"]
[Source "ChessBase"]
[SourceDate "2021.10.06"]
[SourceVersion "1"]
[SourceVersionDate "2021.10.06"]
[SourceQuality "1"]

1. e4 e5 2. Nf3 Nc6 3. Bb5 a6 4. Bxc6 dxc6 5. Nxe5 Qd4 6. Nf3 Qxe4+ 7. Qe2 Qxe2+ 8. Kxe2 Nf6 9. Re1 Be6 10. d4 Bd6 11. Nc3 0-0 12. Kf1 Rfe8 13. Be3 Bg4 14. Nd2 Rad8 15. h3 Bf5 16. Rac1 h6 17. Nc4 Be7 18. Nd2 b6 19. Nf3 c5 20. dxc5 Bxc5 21. Kg1 Bxe3 22. fxe3 Ne4 23. Rf1 Nxc3 24. bxc3 Rxe3 25. c4 Re2 26. Rce1 Rxc2 27. Re7 Rxc4 28. Ne5 Rc5 29. Rxf5 Rdd5 30. Re8+ Kh7 31. g4 f6 32. Nf7 Rd1+ 33. Kg2 Rc2+ 34. Kg3 Rd3+ 35. Rf3 Rxf3+ 36. Kxf3 Rxa2 37. h4 Ra3+ 38. Ke4 Ra4+ 39. Kf5 Ra5+ 40. Kf4 g5+ 41. Kf3 gxh4 42. Rh8+ Kg7 43. Rxh6 Kxf7 44. Rxh4 Kg6 45. Rh1 c5 46. Rc1 Ra4 47. Rb1 b5 48. Rc1 c4 49. Ke2 Ra3 50. Kd1 a5 51. Kc2 b4 52. Kb1 c3 53. Rg1 b3 54. Rf1 c2+ 55. Kb2 Ra4 56. Kxb3 Rxg4 57. Kxc2 a4 58. Ra1 f5 59. Kd2 Re4 60. Kd3 Kf6 61. Ra3 Ke5 62. Kd2 f4 63. Kd3 Re3+ 64. Kc4 Rxa3 65. Kb5 f3 66. Ka5 f2 67. Kb4 f1Q 68. Kxa3 Qb5 69. Ka2 Kd4 70. Ka3 Kc3 71. Ka2 Qb2# 0-1

[Event "CAN-ch U10 Girls"]
[Site "Windsor"]
[Date "2016.07.07"]
[Round "4.105"]
[White "Kuleshova, Julia"]
[Black "Vo, Andy"]
[Result "1-0"]
[WhiteElo "1335"]
[BlackElo "835"]
[PlyCount "49"]
[EventDate "2016.07.05"]
[EventType "swiss"]
[EventRounds "7"]
[EventCountry "CAN"]
[SourceTitle "EXT 2022"]
[Source "ChessBase"]
[SourceDate "2021.10.06"]
[SourceVersion "1"]
[SourceVersionDate "2021.10.06"]
[SourceQuality "1"]

1. e4 e5 2. Nf3 Nc6 3. Bb5 Bd6 4. c3 a6 5. Ba4 Bc5 6. Bxc6 bxc6 7. Nxe5 Nf6 8. d3 h6 9. 0-0 0-0 10. Nd2 d6 11. Nxc6 Qe8 12. Nd4 Rb8 13. h3 Bd7 14. N2b3 Bxd4 15. Nxd4 c5 16. Nc2 Qd8 17. Re1 Re8 18. Ne3 Be6 19. b3 a5 20. f4 Bd7 21. f5 Re5 22. Nc4 Re7 23. Nxd6 Rb6 24. Nc4 Rb7 25. g4 1-0

[Event "CAN-ch U10"]
[Site "Windsor"]
[Date "2016.07.07"]
[Round "4.91"]
[White "Lu, Lucas Yunkun"]
[Black "Vo, Andy"]
[Result "1-0"]
[WhiteElo "1083"]
[BlackElo "1406"]
[PlyCount "37"]
[EventDate "2016.07.05"]
[EventType "swiss"]
[EventRounds "7"]
[EventCountry "CAN"]
[SourceTitle "EXT 2022"]
[Source "ChessBase"]
[SourceDate "2021.10.06"]
[SourceVersion "1"]
[SourceVersionDate "2021.10.06"]
[SourceQuality "1"]

1. e4 d6 2. d4 Nf6 3. Nc3 g6 4. Bc4 Bg7 5. Nf3 0-0 6. h3 c6 7. 0-0 b5 8. Bd3 Re8 9. Be3 e5 10. dxe5 dxe5 11. Qd2 Be6 12. Bh6 Qc7 13. Bxg7 Kxg7 14. Qg5 Bd7 15. Rad1 Nh5 16. Nh2 Nf4 17. Ng4 h5 18. Qh6+ Kg8 19. Nf6# 1-0

[Event "CAN-ch U10"]
[Site "Windsor"]
[Date "2016.07.07"]
[Round "5.97"]
[White "Vo, Andy"]
[Black "Marcelloni, Jacob"]
[Result "1-0"]
[WhiteElo "1406"]
[BlackElo "686"]
[PlyCount "59"]
[EventDate "2016.07.05"]
[EventType "swiss"]
[EventRounds "7"]
[EventCountry "CAN"]
[SourceTitle "EXT 2022"]
[Source "ChessBase"]
[SourceDate "2021.10.06"]
[SourceVersion "1"]
[SourceVersionDate "2021.10.06"]
[SourceQuality "1"]

1. e4 c5 2. Nf3 Nc6 3. d4 cxd4 4. Nxd4 Qb6 5. Nxc6 Qxc6 6. Nc3 d6 7. Bb5 Qxb5 8. Nxb5 Nf6 9. Nc7+ Kd8 10. Nxa8 Nxe4 11. 0-0 Bf5 12. Qd5 e6 13. Qxb7 Nc5 14. Qc7+ Ke8 15. Be3 Na6 16. Qc6+ Ke7 17. Rad1 d5 18. Rfe1 Kf6 19. Bd4+ Kg5 20. Qc3 Bb4 21. Qe3+ Kh4 22. Qg3+ Kh5 23. Be3 f6 24. Rd4 g5 25. h4 h6 26. c3 Bc5 27. Rd2 Bxe3 28. Rxe3 Rxa8 29. hxg5 hxg5 30. Qd6 1-0

[Event "CAN-ch U10 Girls"]
[Site "Windsor"]
[Date "2016.07.07"]
[Round "5.108"]
[White "Vo, Andy"]
[Black "Wang, Sophia"]
[Result "1-0"]
[WhiteElo "835"]
[BlackElo "965"]
[PlyCount "83"]
[EventDate "2016.07.05"]
[EventType "swiss"]
[EventRounds "7"]
[EventCountry "CAN"]
[SourceTitle "EXT 2022"]
[Source "ChessBase"]
[SourceDate "2021.10.06"]
[SourceVersion "1"]
[SourceVersionDate "2021.10.06"]
[SourceQuality "1"]

1. e4 e6 2. Nf3 d5 3. exd5 exd5 4. d4 Qe7+ 5. Be2 Nc6 6. 0-0 Bf5 7. Nc3 Nf6 8. Bf4 0-0-0 9. h3 Nb4 10. Bd3 Nxd3 11. cxd3 Qd7 12. Rc1 Bd6 13. Bxd6 cxd6 14. Re1 Nh5 15. Re7 Qxe7 16. Nxd5+ Kd7 17. Nxe7 Kxe7 18. g4 Bxg4 19. hxg4 Nf4 20. Qe1+ Kd7 21. Qe4 g5 22. Qxb7+ Ke6 23. Re1+ Kf6 24. Qe7+ Kg6 25. Qe4+ Kg7 26. Qe7 Rde8 27. Qxg5+ Ng6 28. Rc1 h6 29. Qf5 Ne7 30. Qa5 Rhg8 31. Qxa7 h5 32. g5 f6 33. Rc7 Kf7 34. Qb7 fxg5 35. Qd5+ Kg7 36. Kf1 Kf8 37. Qe6 Rg6 38. Qh3 g4 39. Qxh5 gxf3 40. Qh8+ Ng8 41. Qh7 Rf6 42. Qg7# 1-0

[Event "CAN-ch U08 Girls"]
[Site "Windsor"]
[Date "2015.07.07"]
[Round "3.141"]
[White "Pobereshnikova, Faina"]
[Black "Vo, Andy"]
[Result "1/2-1/2"]
[WhiteElo "711"]
[BlackElo "700"]
[PlyCount "41"]
[EventDate "2015.07.06"]
[EventType "swiss"]
[EventRounds "7"]
[EventCountry "CAN"]
[SourceTitle "EXT 2022"]
[Source "ChessBase"]
[SourceDate "2021.10.06"]
[SourceVersion "1"]
[SourceVersionDate "2021.10.06"]
[SourceQuality "1"]

1. e4 e5 2. Nf3 Nc6 3. Nc3 Bc5 4. Bc4 Nf6 5. 0-0 0-0 6. a3 d6 7. d3 h6 8. b4 Bb6 9. Be3 Bg4 10. Bxb6 axb6 11. h3 Bh5 12. Nd5 Qd7 13. g4 Bg6 14. Nh4 Bh7 15. Nc3 Rfe8 16. Bb5 Qe7 17. Nf5 Qe6 18. Nh4 Red8 19. Bc4 Qe8 20. b5 Nd4 21. Nf3 1/2-1/2